Sexo y personalidad / (Record no. 61246)

MARC details
000 -LEADER
campo de control de longitud fija 00770nam a2200253 i 4500
001 - NÚMERO DE CONTROL
campo de control 61246
003 - IDENTIFICADOR DE NÚMERO DE CONTROL
campo de control ES-MaACL
005 - FECHA Y HORA DE LA ÚLTIMA TRANSACCIÓN
campo de control 20230906164417.0
007 - CAMPO FIJO DE DESCRIPCIÓN FÍSICA--INFORMACIÓN GENERAL
campo de control de longitud fija t|
008 - DATOS DE LONGITUD FIJA--INFORMACIÓN GENERAL
campo de control de longitud fija 031111s1982 sp ||||1| spa d
020 ## - NÚMERO INTERNACIONAL ESTÁNDAR DEL LIBRO
Número Internacional Estándar del Libro 84-376-0360-9
100 1# - ENTRADA PRINCIPAL--NOMBRE DE PERSONA
Nombre de persona Eysenck, Hans Jurgen.
9 (RLIN) 48453
245 10 - MENCIÓN DEL TÍTULO
Título Sexo y personalidad /
Mención de responsabilidad, etc. H.J. Eysenck ; [traducción de Amparo Belloch y Elena Ibáñez].
260 ## - PUBLICACIÓN, DISTRIBUCIÓN, ETC.
Lugar de publicación, distribución, etc. Madrid :
Nombre del editor, distribuidor, etc. Cátedra,
Fecha de publicación, distribución, etc. [1982]
300 ## - DESCRIPCIÓN FÍSICA
Extensión 258 p. ;
Dimensiones 21 cm.
490 1# - MENCIÓN DE SERIE
Mención de serie Teorema. Serie mayor
504 ## - NOTA DE BIBLIOGRAFÍA, ETC.
Nota de bibliografía, etc. Bibliografía: p. 251-258.
700 1# - ENTRADA AGREGADA--NOMBRE PERSONAL
Nombre de persona Belloch, Amparo.
9 (RLIN) 27253
700 0# - ENTRADA AGREGADA--NOMBRE PERSONAL
Nombre de persona Ibáñez, Elena.
9 (RLIN) 64903
830 0# - PUNTO DE ACCESO ADICIONAL DE SERIE-TÍTULO UNIFORME
Título uniforme Teorema. Serie mayor
9 (RLIN) 177809
852 ## - LOCALIZACIÓN
Ubicación ES-MaACL
Número de control de estantería L-4160
Sublocalización o colección R.104409
852 ## - LOCALIZACIÓN
Ubicación ES-MaACL
Número de control de estantería L-8578
Sublocalización o colección R.108570
Holdings
Estatus retirado Estado de pérdida Estado de daño No para préstamo Biblioteca de origen Biblioteca actual Ubicación en estantería Fecha de adquisición Fuente de adquisición Total de préstamos Signatura topográfica completa Código de barras Visto por última vez Precio de reemplazo Tipo de ítem Koha
        Biblioteca del Ateneo de Madrid Biblioteca del Ateneo de Madrid Depósito 2 17/01/2008     L-8578 1064227 23/02/2023 23/02/2023 Libro impreso
        Biblioteca del Ateneo de Madrid Biblioteca del Ateneo de Madrid Depósito 2 17/01/2008     L-4160 1064226 23/02/2023 23/02/2023 Libro impreso